Análisis de metales : (Record no. 122999)

MARC details
000 -LEADER
campo de control de longitud fija 01077nam a2200253 i 4500
001 - NÚMERO DE CONTROL
campo de control 122999
003 - IDENTIFICADOR DE NÚMERO DE CONTROL
campo de control ES-MaACL
005 - FECHA Y HORA DE LA ÚLTIMA TRANSACCIÓN
campo de control 20230906192103.0
008 - DATOS DE LONGITUD FIJA--INFORMACIÓN GENERAL
campo de control de longitud fija 070214m19581960sp a |||| | spa d
035 ## - NÚMERO DE CONTROL DEL SISTEMA
Número de control de sistema 669:543
245 00 - MENCIÓN DEL TÍTULO
Título Análisis de metales :
Resto del título métodos de control industrial /
Mención de responsabilidad, etc. O. Proske, director ; H. Blumenthal y F. Ensslin, directores adjuntos ; traducción española y prólogo por Francisco Muñoz del Corral, José Mª Bermúdez de Castro y Mosquera, y Ramón Suárez Acosta.
260 ## - PUBLICACIÓN, DISTRIBUCIÓN, ETC.
Lugar de publicación, distribución, etc. Madrid :
Nombre del editor, distribuidor, etc. Aguilar,
Fecha de publicación, distribución, etc. 1958-1960.
300 ## - DESCRIPCIÓN FÍSICA
Extensión 2 v. :
Otras características físicas il. ;
Dimensiones 25 cm.
594 ## - Nota al título y mención de responsabilidad
Nota al título y mención de responsabilidad Precede al tít.: Comisión Especial de Químicos de la Sociedad de Metalúrgicos y Mineros Alemanes.
650 #4 - PUNTO DE ACCESO ADICIONAL DE MATERIA--TÉRMINO DE MATERIA
Término de materia o nombre geográfico como elemento de entrada Metales-
Subdivisión general Análisis.
9 (RLIN) 170903
700 1# - ENTRADA AGREGADA--NOMBRE PERSONAL
Nombre de persona Muñoz del Corral, Francisco.
9 (RLIN) 84396
700 1# - ENTRADA AGREGADA--NOMBRE PERSONAL
Nombre de persona Bermúdez de Castro y Mosquera, José María.
9 (RLIN) 28143
700 1# - ENTRADA AGREGADA--NOMBRE PERSONAL
Nombre de persona Suárez Acosta, Ramón.
9 (RLIN) 108584
700 1# - ENTRADA AGREGADA--NOMBRE PERSONAL
Nombre de persona Proske, O.
9 (RLIN) 198610
700 1# - ENTRADA AGREGADA--NOMBRE PERSONAL
Nombre de persona Blumenthal, H.
9 (RLIN) 29593
700 1# - ENTRADA AGREGADA--NOMBRE PERSONAL
Nombre de persona Ensslin, F.
9 (RLIN) 47303
852 4# - LOCALIZACIÓN
Ubicación ES-MaACL
Número de control de estantería C-24008-09
Holdings
Estatus retirado Estado de pérdida Estado de daño No para préstamo Biblioteca de origen Biblioteca actual Ubicación en estantería Fecha de adquisición Fuente de adquisición Total de préstamos Signatura topográfica completa Código de barras Visto por última vez Precio de reemplazo Tipo de ítem Koha
        Biblioteca del Ateneo de Madrid Biblioteca del Ateneo de Madrid Depósito 2 17/01/2008     C-24008-09 1128169 23/02/2023 23/02/2023 Libro impreso